| 000 | 00359cam a2200145ua 4500 | ||
|---|---|---|---|
| 041 |
_aeng _h |
||
| 082 |
_a338.9 _bNAR/TR |
||
| 100 | _aNarayanan, . | ||
| 245 |
_aTrender to Indian Planning / _cNarayanan. _hTextual Documents |
||
| 260 |
_aMumbai : _bAsia Publishing House , _c1961. |
||
| 300 | _a139 ; . | ||
| 504 | _a | ||
| 942 | _cBK | ||
| 999 |
_c3307 _d3307 |
||